[Event "1st Gujarat GM Open 2018"]
[Site "Ahmedabad"]
[Date "2018.10.12"]
[Round "10"]
[White "Nikhil Magizhnan"]
[Black "Bharath Subramaniyam H"]
[Result "0-1"]
[WhiteElo "2056"]
[BlackElo "2276"]
[Annotator "TA"]
[PlyCount "154"]
[EventDate "2018.10.05"]
[EventType "swiss"]
[EventCountry "IND"]
[SourceTitle "playchess.com"]
[Source "ChessBase"]
[SourceQuality "1"]

{[%evp 13,154,-46,-14,-27,-2,-45,-46,-49,-45,-63,-56,-57,-57,-50,-53,-63,-40,-51,-32,-102,-103,-109,-74,-116,-113,-124,-114,-124,-83,-118,-117,-118,-116,-131,-114,-148,-148,-152,-144,-155,-155,-155,-149,-150,-152,-142,-149,-149,-136,-136,-136,-193,-149,-148,-137,-142,-142,-224,-125,-123,-123,-123,-100,-100,-90,-100,-99,-117,-108,-112,-100,-1373,-1371,-1004,-302,-233,-97,-97,-91,-91,-91,-362,-362,-353,-124,-124,-124,-487,-271,-248,-216,-154,-22,-140,-124,-128,-116,-124,-106,-106,-23,-25,-25,-45,-25,-41,0,0,0,0,0,0,0,-242,0,-284,-284,-284,-284,-284,0,-269,0,-2437,-2685,-2540,-2369,-3321,-2836,-29980,-29981,-29987,-29988,-29992,-29993,-29993,-29994,-29996,-29997,-29997,-29998,-29998,-29999]} 1. b3 e5 2. Bb2 Nc6 3. e3 Nf6 4. Bb5 Bd6 5. Na3 Na5 (5... e4 6. Nc4 Be7 7. Bxc6 bxc6 8. Ne2 a5 9. O-O a4 10. d3 exd3 11. cxd3 axb3 12. axb3 Rxa1 13. Qxa1 {1-0 (27) Karjakin,S (2782)-Giri,A (2782) Leuven 2018}) 6. Nc4 {A01: Nimzowitsch-Larsen Opening} Nxc4 7. Bxc4 O-O {LiveBook: 7 Games} 8. d4 {The position is equal.} Qe7 9. Nf3 {[%cal Rd4e5]} e4 10. Nd2 c6 11. Be2 Bc7 12. c4 d5 13. h3 {[#]} Be6 $146 14. Qc2 a5 15. a4 Bd6 16. c5 (16. Qc1 $15) 16... Bc7 $17 17. Ba3 Rfc8 18. Qc3 Nd7 19. b4 axb4 20. Bxb4 Qg5 21. g3 h5 22. h4 Qg6 23. a5 Nf6 24. Nf1 Ng4 25. Bd1 Qf6 {[%csl Gg4][%cal Rf6f2]} 26. Ra2 g6 27. Qb2 Ra7 28. Nh2 Nxh2 29. Rxh2 Rca8 30. Qa1 Qd8 31. Kf1 Bxa5 32. Ra4 (32. Rh1 $17) 32... b5 33. cxb6 Bxb6 34. Rxa7 Rxa7 35. Qc3 (35. Qb2 $17) 35... Ba5 (35... Qc8 $19 36. Kg2 Bg4 37. Bxg4 Qxg4 38. Qxc6 Qf3+ 39. Kh3 Qf5+ 40. Kg2 Ra2) 36. Kg2 Bxb4 37. Qxb4 Qd7 38. Rh1 Rb7 39. Qc5 Rb2 40. Qc3 Qb7 41. Ba4 Bg4 42. Rc1 $2 {[%mdl 8192]} (42. Bd1 $17) 42... Bf3+ $19 43. Kg1 {[#]} Rb1 $2 (43... Qd7 $1 {[%mdl 512]} 44. Qxc6 Rb1 $3 {[%mdl 512]}) 44. Qc2 {[#]} Rxc1+ (44... Qc8 $1 $19 {[%cal Rc8h3][%mdl 512] is more deadly. ( -> ...Qh3!)} 45. Kh2 (45. Rxb1 {is a self mate.} Qh3 46. Rb8+ Kh7 47. Rh8+ Kxh8 48. Bxc6 Qh1#) 45... Rxc1 46. Qxc1 Qa6) 45. Qxc1 $17 Be2 (45... Qc8 {feels hotter.} 46. Qf1 Qa8 47. Bd1 Qa1 48. Be2 Qa2) 46. Kh2 ({Wrong is} 46. Bxc6 $2 Qc8 $19) ({But not} 46. Qxc6 $2 Qb1+ 47. Kh2 Kg7 $19) 46... Bc4 $1 47. Qa1 $2 {[%mdl 8192]} (47. Qg1 $17 {is a better defense.}) 47... Qa6 $19 48. Qd1 Kg7 $2 (48... Be2 $19 49. Qe1 Bf3) 49. Qc2 $17 Qa5 {aiming for ...Qe1.} 50. Bb3 $2 {[%mdl 8192]} (50. Qd1 $17) 50... Bd3 (50... Qb4 $142 51. Bxc4 dxc4) 51. Qd1 $19 Qc3 52. Ba4 Bb5 (52... Qc4 $17 {Threatens to win with ...Be2.} 53. Bb3 Qb4) 53. Bb3 (53. Bxb5 $11 cxb5 54. Kg2) 53... Qb2 $17 54. Kg1 Be2 55. Qe1 Bc4 56. Ba4 Bb5 (56... Qb7 $17 57. Kg2 Qa6) 57. Bxb5 $11 cxb5 {[%mdl 4096] Endgame KQ-KQ} 58. Qa5 Qc1+ 59. Kg2 Qc4 60. Qd8 b4 {And now ...Qb5 would win.} 61. Qb8 b3 62. Qe5+ Kf8 63. Qh8+ Ke7 {Strongly threatening ...Qc7.} 64. Qe5+ $2 {[%mdl 8192]} (64. Qb8 $11) 64... Kd7 $19 65. Qb8 {[#]} Kc6 $1 66. Kh2 {[#] White hopes to continue with Kg2.} Qc2 $2 ({Black should try} 66... f6 $1 $19 67. Kg2 Qc2 68. Qe8+ Kb6 69. Qd8+ Kc6 70. Qa8+ Kb5 71. Qxd5+ Kb4 72. Qd6+ Kc3) 67. Kg2 $2 {[%mdl 8192]} (67. Kh3 $1 $11 {and White has nothing to worry.}) 67... f5 $2 (67... f6 $19 {Black wants to play ...Qc4.} 68. Kh3 g5) 68. Qg8 $2 {[%mdl 8192]} (68. Kh3 $11) 68... Kb5 69. Qxd5+ Kb4 70. Qd6+ Kc3 71. d5 b2 {Black mates.} 72. Qf6+ Kd2 73. d6 b1=Q 74. d7 Ke1 75. d8=Q Qxf2+ 76. Kh3 Qf1+ 77. Kh2 Qc2+ {Precision: White = 37%, Black = 43%.} 0-1

[Event "1st Gujarat GM Open 2018"]
[Site "Ahmedabad"]
[Date "2018.10.12"]
[Round "10"]
[White "Gandhi, Anish"]
[Black "Kushagra Mohan"]
[Result "1/2-1/2"]
[WhiteElo "2042"]
[BlackElo "2283"]
[Annotator "TA"]
[PlyCount "81"]
[EventDate "2018.10.05"]
[EventType "swiss"]
[EventCountry "IND"]
[SourceTitle "playchess.com"]
[Source "ChessBase"]
[SourceQuality "1"]

{[%evp 21,81,32,34,7,16,6,58,59,68,39,69,70,68,68,73,66,63,58,73,55,52,0,14,3,11,-18,0,0,0,-5,-6,-4,-7,-2,-7,-6,24,24,21,23,23,23,23,23,23,23,22,21,33,0,0,0,0,0,0,0,0,0,0,0,15,0]} 1. e4 e5 2. Nf3 Nc6 3. Bb5 {[%cal Bf1b5,Bb5a4,Ba4b3][%mdl 32]} a6 4. Ba4 Nf6 5. O-O Nxe4 6. d4 b5 7. Bb3 d5 8. dxe5 Be6 9. Nbd2 Nc5 10. c3 Nxb3 11. Nxb3 Be7 {LiveBook: 59 Games} 12. Be3 {C80: Open Ruy Lopez: Sidelines and 9 Nbd2} (12. Nfd4 Nxd4 13. cxd4 a5 14. Be3 a4 15. Nc1 O-O 16. Nd3 Bf5 17. Rc1 Ra6 18. Qd2 Qd7 19. f3 h6 20. Nc5 Bxc5 21. Rxc5 {½-½ (83) Mekhitarian,K (2559)-Milos,G (2589) Caxias do Sul 2016}) 12... Bg4 13. Bd4 Nxd4 $146 (13... O-O $11) ({Predecessor:} 13... O-O 14. Re1 Qd7 15. h3 Bh5 16. Qd3 Nd8 17. Nc5 Qc6 18. b4 Ne6 19. Nxe6 fxe6 {0-1 (49) Parkanyi,A (2365)-Szalanczy,E (2415) Balatonbereny 1996}) 14. cxd4 $14 {White is slightly better.} O-O 15. Qd3 f6 16. exf6 $1 Rxf6 17. Ne5 Bf5 18. Qg3 Bd6 19. Rac1 Qe8 20. Rfe1 (20. Nc5 {with more complications.} c6 21. Rfe1 Qh5 22. f4 Re8 23. Qg5) 20... Qh5 21. Qf3 (21. Nc5 {is interesting.} Raf8 22. f4 Rh6 23. a3 a5 24. Nb7) 21... Qxf3 22. Nxf3 Raf8 23. Nc5 Bg4 24. Ne5 $1 {[%cal Re5g4]} Bxe5 $1 25. dxe5 Rxf2 26. e6 $132 {[%cal Be5e6,Be6e7][%mdl 2080] White is not keeping still} Rxb2 27. e7 Re8 {[#] And now ...Be2 would win.} 28. Nxa6 Re2 29. Rxe2 Bxe2 $11 {[%mdl 4096] Endgame KRB-KRN} 30. Re1 Rxe7 {Strongly threatening ...d4.} 31. Kf2 Re6 $1 {[%cal Re6a6]} 32. Nxc7 Re7 33. Nxb5 Rb7 34. Nd6 Rd7 $1 35. Rxe2 {[%cal Re2e8] [#]} (35. a4 {seems wilder.} Rxd6 36. Kxe2 Ra6 37. Ra1 Ra5 38. Kd3) 35... Rxd6 $14 {KR-KR. The position is equal.} 36. a4 Ra6 37. Ra2 Ra5 $1 38. Ke3 Kf7 39. Kd4 Ke6 40. Ra3 Kd6 41. Ra2 {Precision: White = 62%, Black = 65%.} 1/2-1/2

[Event "1st Gujarat GM Open 2018"]
[Site "Ahmedabad"]
[Date "2018.10.12"]
[Round "10"]
[White "Pranesh M"]
[Black "Deshmukh, Anup"]
[Result "0-1"]
[WhiteElo "2028"]
[BlackElo "2267"]
[Annotator "TA"]
[PlyCount "116"]
[EventDate "2018.10.05"]
[EventType "swiss"]
[EventCountry "IND"]
[SourceTitle "playchess.com"]
[Source "ChessBase"]
[SourceQuality "1"]

{[%evp 9,116,44,55,35,51,42,53,24,6,0,0,0,0,0,0,-3,0,-10,0,-47,-36,-40,-44,-44,-25,-30,-19,-17,0,-14,-8,-12,24,-7,0,-39,-40,-28,75,77,83,82,80,93,84,84,98,104,123,83,65,71,42,23,34,10,10,11,67,0,22,0,0,0,0,0,0,0,0,0,0,0,0,0,0,-7,-7,-7,-7,-8,-8,-8,-8,-8,-8,-8,0,-8,-8,-11,-8,-26,-27,-209,-209,-588,-588,-588,-584,-4627,-4622,-29963,-29962,-29971,-29973,-29971,-29954,-29959,-29951]} 1. e4 g6 2. d4 Bg7 3. Nc3 c5 4. Be3 Qa5 5. Nge2 {[%cal Bg1e2,Be2c1,Bc1b3][%mdl 32]} (5. Nf3 Nf6 6. Qd2 cxd4 7. Nxd4 Nc6 8. Nb3 Qd8 9. f3 h5 10. O-O-O d6 11. Kb1 Be6 12. h3 a6 13. Be2 Rc8 14. g4 {1-0 (28) Vallejo Pons,F (2714)-Dinstuhl,V (2393) Germany 2018}) 5... d6 6. Nc1 $146 {B06: Modern Defence} ({Predecessor:} 6. Qd2 Nf6 7. f3 Nc6 8. O-O-O cxd4 9. Nxd4 Nxd4 10. Bxd4 O-O 11. Kb1 e5 12. Be3 Be6 13. Bg5 Rfc8 14. a3 Rc6 15. Bxf6 Bxf6 16. Nd5 Qd8 17. Bb5 Bxd5 18. Qxd5 Rc5 19. Qd3 Rac8 {1-0 (35) Schroeder,C (2187)-Rieck Perschonke,I (2179) Germany 2012}) 6... cxd4 7. Nb3 Qd8 8. Bxd4 {White is slightly better.} Nf6 9. Nd5 Nbd7 10. Bb5 O-O 11. Bxd7 Bxd7 12. Bxf6 exf6 13. O-O Re8 14. Nc3 f5 15. exf5 Bxf5 16. Nd4 Bd7 17. Nd5 Rc8 {[%cal Ba8c8,Bc8c5,Bc5h5][%mdl 32]} 18. c3 Rc5 19. Ne3 Rh5 20. Re1 b5 21. Qd3 Qa8 ({But not} 21... Qh4 $6 22. Nf3 $16) 22. Nf1 Rxe1 23. Rxe1 {[%cal Ba1e1,Be1e7,Be7a7][%mdl 32]} Qd5 (23... b4 $1 $11 {remains equal.}) 24. Re7 $1 $16 {[%cal Re7d7]} Bxd4 25. Qxd4 Qxd4 26. cxd4 {[%mdl 4096] Endgame KRB-KRN} Be6 {[#]} 27. Ne3 $1 Bxa2 28. Rxa7 Bc4 29. g4 Rh4 30. Kg2 {And now Kg3 would win.} h5 31. Kg3 g5 32. f3 hxg4 33. fxg4 Rh6 (33... Bd3 $11) 34. d5 (34. Nf5 $14 Re6 35. h4) 34... Rf6 35. Rd7 Bd3 36. Nf5 Bxf5 37. gxf5 Rxf5 38. Rxd6 $11 {KR-KR} Rf4 39. Rd8+ Kg7 40. Rb8 b4 41. d6 Rd4 42. d7 Rxd7 {White must now prevent ...Rd4.} 43. Rxb4 Kg6 44. Rb6+ f6 45. b4 Rd3+ 46. Kg4 Rd4+ 47. Kg3 Kf5 48. b5 Rd3+ 49. Kf2 Rb3 50. Kg1 Ke5 {Hoping for ...g4.} 51. Kf1 $2 {[#]} (51. h4 $1 $11 {and White has nothing to worry.}) 51... f5 $1 $19 52. h4 $2 (52. Rb7 {is more resistant.}) 52... g4 {[%cal Bg5g4,Bg4g3][%mdl 32]} 53. h5 Kf4 {...Kf3 is the strong threat.} 54. h6 {intending h7.} Kf3 {[%cal Rb3b1]} 55. Ke1 g3 {Black mates.} 56. Rg6 Rxb5 57. h7 Rb1+ 58. Kd2 Rh1 {Precision: White = 33%, Black = 61%.} 0-1

[Event "1st Gujarat GM Open 2018"]
[Site "Ahmedabad"]
[Date "2018.10.12"]
[Round "10"]
[White "Gaikwad, Siddhant"]
[Black "Moksh Amit Doshi"]
[Result "*"]
[WhiteElo "1996"]
[BlackElo "2224"]
[Annotator "TA"]
[PlyCount "23"]
[EventDate "2018.10.05"]
[EventType "swiss"]
[EventCountry "IND"]
[SourceTitle "playchess.com"]
[Source "ChessBase"]
[SourceQuality "1"]

{[%evp 1,1,4]} 1. e4 {Vorgänger:} Nf6 $146 2. e5 Ng8 3. d4 d6 4. Nf3 dxe5 5. Nxe5 Nd7 6. Nf3 g6 7. Bc4 e6 8. O-O Bg7 9. Re1 Ne7 10. Nc3 O-O 11. Bg5 h6 12. Bh4 {½-½ (60) Giri,A (2782)-Mamedyarov,S (2801) chess.com INT 2018} *

[Event "1st Gujarat GM Open 2018"]
[Site "Ahmedabad"]
[Date "2018.10.12"]
[Round "10"]
[White "Mrudul Dehankar"]
[Black "Rahman, Ziaur"]
[Result "0-1"]
[WhiteElo "1996"]
[BlackElo "2473"]
[Annotator "TA"]
[PlyCount "101"]
[EventDate "2018.10.05"]
[EventType "swiss"]
[EventCountry "IND"]
[SourceTitle "playchess.com"]
[Source "ChessBase"]
[SourceQuality "1"]

{[%evp 17,101,29,49,38,46,0,0,0,0,0,0,-5,0,0,16,0,18,0,-5,-35,0,0,0,0,0,-8,0,0,0,0,0,6,0,0,39,28,35,19,21,0,28,0,0,-125,-118,-185,-196,-191,-195,-179,-187,-235,-216,-248,-199,-379,-195,-233,-229,-226,-177,-169,-164,-430,-436,-662,-661,-707,-665,-841,-822,-1316,-1251,-29980,-29981,-12837,-12835,-29991,-29992,-29992,-29990,-29989,-29990,-29991,-29992,-29994]} 1. e4 g6 2. d4 Bg7 3. Nc3 a6 4. a4 d6 5. Nf3 b6 6. Bc4 e6 7. Bg5 {B06: Modern Defence} (7. O-O Ne7 8. Bf4 Nd7 9. Qd2 h6 10. Rfe1 g5 11. Bg3 Ng6 12. h3 Nf6 13. e5 Nh5 14. Bh2 Nhf4 15. exd6 cxd6 {1-0 (36) Gustafsson,J (2630)-Fier,A (2636) Linares 2015}) 7... Ne7 8. Qd2 h6 9. Be3 Nd7 {LiveBook: 33 Games} 10. Rd1 Bb7 11. h3 Nf6 12. Bd3 d5 13. exd5 Nexd5 14. Nxd5 Nxd5 15. O-O $146 Qd7 16. b3 Rd8 17. Qe1 O-O 18. Ne5 Qe7 19. Bd2 c5 20. dxc5 bxc5 21. f4 Nb4 22. Bc3 Ba8 23. Qe2 Nxd3 24. Rxd3 Rxd3 25. Qxd3 Qa7 {Threatening ...c4+.} 26. Kh2 h5 27. Rd1 Qb7 {[%csl Ga8][%cal Rb7g2]} 28. Qg3 {aiming for Rd7.} Qe4 29. Rd2 Bd5 30. Qh4 {[#]} (30. Bb2 $11) 30... g5 $1 $36 {[%cal Rg5h4][%mdl 2560] Keeping White busy.} 31. Qxg5 (31. Qf2 $17) (31. fxg5 Qxh4) 31... f6 $19 32. Qg3 fxe5 33. Bxe5 {[%csl Ge5][%cal Rg3g7]} Rf7 34. c4 {[#] Strongly threatening Qg5.} Bb7 $1 35. Rd8+ Kh7 36. Bd6 $2 (36. Qg5 Qf5 37. Qxf5+ exf5 38. Rd1) 36... Qg6 (36... Bf6 $142 {...Rg7 is the strong threat.} 37. Qg8+ Kh6) 37. Bxc5 Qxg3+ 38. Kxg3 {[#]} h4+ $1 {[%mdl 512]} 39. Kf2 (39. Kxh4 Bf6+) 39... Rxf4+ 40. Ke3 $2 (40. Kg1) 40... Bh6 {Hoping for ...Rf8+.} 41. Kd3 (41. Rd4 $142 Rf5+ 42. Ke2 Bxg2 43. Bb6) 41... Bxg2 42. Rd7+ Kg6 43. Rd6 Bxh3 44. Rxa6 Bf5+ 45. Ke2 h3 46. Bg1 Rg4 47. Kf1 Bd3+ {Black mates.} 48. Kf2 Rg2+ 49. Kf3 Kf5 {[%csl Gf5][%cal Rd3e4]} 50. Ra5+ e5 51. Rxe5+ {Precision: White = 29%, Black = 72%.} 0-1

[Event "1st Gujarat GM Open 2018"]
[Site "Ahmedabad"]
[Date "2018.10.12"]
[Round "10"]
[White "Mrudul Dehankar"]
[Black "Rahman, Ziaur"]
[Result "*"]
[WhiteElo "1996"]
[BlackElo "2473"]
[Annotator "TA"]
[PlyCount "32"]
[EventDate "2018.10.05"]
[EventType "swiss"]
[EventCountry "IND"]
[SourceTitle "playchess.com"]
[Source "ChessBase"]
[SourceQuality "1"]

{[%evp 9,9,41]} 1. e4 g6 2. d4 Bg7 3. Nc3 a6 4. a4 d6 5. Nf3 {Predecessor:} Nf6 $146 6. Be2 O-O 7. O-O Nc6 8. h3 e5 9. d5 Ne7 10. a5 Nh5 11. Re1 h6 12. Bf1 Nf4 13. Ra3 g5 14. Ne2 Neg6 15. Ng3 Ne7 16. c4 f5 {1-0 (54) Matlakov,M (2694)-Mamedov,R (2688) Tallinn 2016} *

[Event "1st Gujarat GM Open 2018"]
[Site "Ahmedabad"]
[Date "2018.10.12"]
[Round "10"]
[White "Anusha N L V"]
[Black "Niraj, Saripalli"]
[Result "1-0"]
[WhiteElo "1985"]
[BlackElo "2206"]
[Annotator "TA"]
[PlyCount "178"]
[EventDate "2018.10.05"]
[EventType "swiss"]
[EventCountry "IND"]
[SourceTitle "playchess.com"]
[Source "ChessBase"]
[SourceQuality "1"]

{[%evp 18,178,105,102,107,107,107,102,129,110,118,116,118,122,129,82,91,60,114,60,97,0,121,0,116,0,140,81,109,74,99,26,17,0,33,33,29,28,38,37,35,27,27,25,25,-33,-20,-22,0,-63,-40,-41,-38,-36,-27,-24,-34,-46,-49,-53,-43,-57,-33,-43,-29,-87,-79,-97,-102,-173,0,-66,-60,-59,-36,-127,-134,-174,-197,-250,-230,-218,-51,-44,-70,-64,-54,-102,0,0,0,0,0,0,281,264,345,322,506,307,563,533,507,245,464,0,547,534,1058,420,397,396,423,406,397,383,364,322,400,310,337,338,316,305,543,527,567,541,456,341,408,396,435,431,397,369,377,375,513,485,380,498,498,482,463,437,447,394,12844,12844,12845,12845,12848,12848,12850,12850,12850,12851,12851,12851,12851,12851,12851]} 1. d4 e6 2. Nf3 Nf6 3. e3 b6 4. Bd3 Bb7 5. O-O Be7 6. c4 O-O 7. Nc3 c5 8. d5 d6 9. e4 e5 10. a3 {LiveBook: 5 Games. E14: Queen's Indian: Classical Variation (4 e3)} (10. g3 Bc8 11. Nh4 Bh3 12. Re1 Re8 13. Nf5 Bf8 14. f3 g6 15. Nh6+ Bxh6 16. Bxh6 Nh5 17. f4 exf4 18. gxf4 {1-0 (35) Jacobson,B (2472)-Guo,A (2283) Greensboro 2018}) 10... Na6 11. Rb1 Bc8 12. h3 $146 {White is better.} ({Predecessor:} 12. Qa4 Nc7 13. b4 Bd7 14. Qc2 Na6 15. Bd2 Bg4 16. Ne1 Qd7 17. f3 Bh5 {1-0 (39) Schaedler,J (2125)-Hobelsberger,J (1700) Passau 1998}) 12... Bd7 13. Re1 Ne8 14. b4 g6 15. Bh6 Ng7 16. Qd2 f5 17. Bc2 Rc8 (17... f4 $14) 18. Nb5 (18. b5 $16 Nc7 19. Nxe5) 18... Ra8 19. Nc3 Rc8 $1 20. Nb5 Ra8 $1 21. Nc3 ({Better is} 21. exf5 $16 Bxf5 22. Bxf5 Rxf5 23. Nc3) 21... Qe8 (21... Rc8 $1 $11) 22. Qd1 (22. exf5 $142 {Hoping for b5.} Bxf5 23. Be4) 22... Rc8 23. Nd2 Rf7 24. Bxg7 (24. b5 $16 Nc7 25. Nf3) 24... Rxg7 25. Ba4 f4 26. Bxd7 Qxd7 27. Qa4 Qb7 28. Nb5 Bf8 29. Qd1 h5 30. Nc3 Qf7 31. f3 (31. b5 $1 $11 Nc7 32. Qe2) 31... Nb8 $15 32. Qe2 Be7 33. Nb3 (33. Nb5 $11) 33... Bh4 34. Rec1 Na6 35. Nd2 g5 36. Nf1 Qd7 37. Nh2 Kh8 38. Nd1 Rcg8 39. Nf2 Qe8 40. Rc2 Qg6 41. Rcc1 (41. Rb3 $11 {remains equal.}) 41... Qh6 42. Rc2 Bg3 43. Nf1 {[#]} (43. Rc3 $17) 43... Bh4 (43... g4 $1 $19 {[%mdl 512] White must now prevent ...Bxf2+.} 44. Kh1 (44. fxg4 Bxf2+) 44... Bxf2 45. Qxf2 gxh3 46. gxh3 Rg6) 44. Nh2 $1 Rg6 45. Rd2 R8g7 46. Rc2 {[#]} (46. Qd1 $15) 46... Bg3 $1 $17 47. Nf1 {[#]} g4 $1 {[%mdl 512]} 48. fxg4 (48. Rbb2 {was necessary.}) 48... hxg4 $19 49. hxg4 Qh4 $2 (49... Bxf2+ $1 $19 50. Qxf2 Rxg4) 50. Nxg3 $15 fxg3 51. Nh3 Rxg4 52. Qf3 {[#]} Kg8 (52... Rf4 $1 $17 {[%cal Rf4f3]} 53. Nxf4 Qh2+ 54. Kf1 Qh1+ 55. Ke2 Qxb1 56. Qh5+ Kg8 57. Qe8+ Kh7 58. Qh5+ Kg8 59. Qe8+ Kh7 60. Qh5+ Kg8) 53. Qf5 $11 {Strongly threatening Qc8+.} Rxe4 54. Qc8+ Kh7 55. Qxa6 {aiming for Qc8.} Rf7 $2 {[%mdl 8192]} (55... Re3 $1 $11 56. Qa4 Qe4) 56. bxc5 $18 dxc5 57. Qc8 Qh6 (57... Ref4 $142 58. Re1 Kg7) 58. Qe6 Rf6 $2 (58... Qe3+ 59. Kh1 Kg7) 59. Qe7+ Kg8 {( -> ...Qe3+)} 60. Qe8+ (60. Rc3 $142 Qg6 61. Rbc1) 60... Kg7 $2 (60... Rf8 {is a better defense.} 61. Qe7 Qe3+ 62. Kh1 Qe1+ 63. Rxe1 Rxe1+ 64. Ng1 Rff1 65. Qe6+ Kf8 66. Qh6+ Kg8 67. Qe6+ Kf8 68. Qh6+ Kg8 69. Qg5+ Kf8 70. Qh6+) 61. Qe7+ $2 (61. Rc3 $18 Qg6 62. Qe7+ Rf7 63. Qg5) 61... Rf7 $2 {[%mdl 8192]} (61... Kg8 $1 $11 {and Black has nothing to worry.} 62. Rc3 Qg6) 62. Qg5+ Kh7 63. Qxh6+ (63. Rc3 $142) 63... Kxh6 64. Rf1 Rd7 65. Rcc1 b5 66. cxb5 Rxd5 67. Rf6+ Kg7 68. Rf3 Rg4 69. Kf1 c4 70. a4 c3 $2 (70... Rd3 71. Re1 Rd5) 71. Rfxc3 Rxa4 72. Rxg3+ Kf7 73. Rf3+ Ke7 74. Rc7+ Kd6 75. Rc6+ Ke7 76. b6 axb6 77. Rxb6 Ra1+ 78. Kf2 Rd2+ 79. Kg3 Raa2 80. Rf2 Ra3+ 81. Kg4 Ra4+ 82. Kg5 Rxf2 $2 (82... Rda2 83. Rb5 Kd6 84. Rf6+ Kc7) 83. Nxf2 {[%mdl 4096] Endgame KRN-KR. White is clearly winning.} Ra2 84. Rf6 e4 85. Rf4 e3 86. Re4+ Kd6 87. Rxe3 Rxf2 88. g4 Rf8 89. Kh6 Kd5 {Precision: White = 51%, Black = 51%.} 1-0

[Event "1st Gujarat GM Open 2018"]
[Site "Ahmedabad"]
[Date "2018.10.12"]
[Round "10"]
[White "Sri Sai Baswanth P"]
[Black "Kiran, Manisha Mohanty"]
[Result "0-1"]
[WhiteElo "1941"]
[BlackElo "2147"]
[Annotator "TA"]
[PlyCount "90"]
[EventDate "2018.10.05"]
[EventType "swiss"]
[EventCountry "IND"]
[SourceTitle "playchess.com"]
[Source "ChessBase"]
[SourceQuality "1"]

{[%evp 29,90,23,29,15,29,10,11,12,12,1,7,0,0,0,0,0,0,-47,-47,-58,-14,-46,0,0,0,0,0,-6,45,0,52,52,48,52,29,32,33,10,576,573,535,523,523,501,712,745,695,918,856,23,19,-29974,-29976,-29976,-29974,-29983,-29982,-29982,-29983,-29983,-29983,-29982,-29983]} 1. e4 c5 2. Nf3 d6 3. d4 cxd4 4. Nxd4 Nf6 5. Nc3 Nc6 6. Bg5 e6 7. Qd2 Be7 8. O-O-O Nxd4 9. Qxd4 O-O 10. f4 Qa5 11. e5 dxe5 12. Qxe5 Qxe5 13. fxe5 Nd5 14. Bxe7 Nxe7 15. Bd3 b6 {LiveBook: 72 Games} 16. Rhe1 {B65: Sicilian: Richter-Rauzer: 7...Be7 8 0-0-0 0-0 9 f4 Nxd4} (16. Be4 Rb8 17. Nb5 Bb7 18. Rhe1 a6 19. Nc7 a5 20. Rd7 Ng6 21. Nb5 Bc8 22. Rd6 Nxe5 23. Bxh7+ Kxh7 24. Rxe5 {½-½ (48) Vitiugov,N (2724)-Predke,A (2573) Moscow 2017}) 16... Bb7 17. Bxh7+ Kxh7 18. Rd7 $1 {[%csl LRb7,LRe7] The position is equal.} Bxg2 {[#] Strongly threatening ...Nf5.} 19. Rxe7 a6 20. Ne4 Bxe4 21. Rxe4 $11 {[%mdl 4096] Endgame KRR-KRR} Rae8 22. Rd7 $146 ({Predecessor:} 22. Ra7 Ra8 23. Rb7 Rab8 24. Rd7 {½-½ (26) Veselinov,R (2128)-Hildebrand,G (2357) ICCF email 2014}) 22... Rd8 23. Red4 Rxd7 24. Rxd7 $15 {KR-KR} Kg6 25. Rb7 Kf5 26. Rxb6 Kxe5 27. Rxa6 f5 28. b4 {[%cal Bb2b4,Bb4b5,Bb5b6,Bb6b7][%mdl 32]} Rd8 (28... Rb8 $11) 29. Ra7 Kf6 (29... g5 $11) 30. Ra3 $14 e5 31. Rd3 $1 {[%cal Rd3d8]} Ra8 32. b5 e4 33. Rb3 {b6 is the strong threat.} f4 $2 {[%mdl 8192]} (33... Rxa2 $11 34. b6 Ra8) 34. b6 $18 e3 {intending ...Rd8.} 35. b7 Rb8 36. Kd1 {And now a4 would win.} Ke5 37. a4 Ke4 38. a5 {Black must now prevent a6.} Kf3 39. Ke1 $2 ({Inferior is} 39. a6 Kf2 $11) (39. c4 $18) 39... Kg2 $1 $11 40. a6 $2 {[%mdl 8192]} (40. Rb5 $11 f3 41. Rg5+ Kh1 42. Rg3 (42. Rxg7 $2 f2+ 43. Kf1 Re8 $19) 42... Rxb7 43. Rxf3) 40... f3 {Black mates.} 41. Rb1 e2 42. a7 {[#]} Rxb7 $3 {[%mdl 512]} 43. Rxb7 f2+ 44. Kxe2 f1=Q+ 45. Kd2 Qf4+ {Precision: White = 38%, Black = 57%.} 0-1